Pretty Little Liars - Impossible - Statistiques

Statistiques générales
  • Ce quiz a été pris 1 229 fois
  • Le résultat moyen est 3 sur 7
Statistiques - réponses
Questions : Saisons Réponse % Correct
Pendant combien de temps l’électricité s’éteint-elle dans la maison de poupée, ce qui permet aux filles de sortir de leur chambre sans que A le sache ? 6 3 minutes
76%
Quel costume Alison et Jenna avaient-elles toutes deux à Halloween ? 2 Lady Gaga
76%
Quel jour Alison a-t-elle disparu ? (jour + mois) 1 1er septembre
61%
A quel âge Mary Drake a-t-elle été internée à Radley ? 7 14 ans
43%
Quel est le sujet de la dissertation que Spencer vole à Mélissa pour un devoir ? 1 Histoire de la Russie
24%
Quel était le numéro de chambre d’Alison à Welby ? 7 2103
2%
Dans la maison de poupée dans quel ordre les lettre formant le nom de "Charles" étaient-elles à l'origine ? 6 HELACRS
1%
Aucun quiz correspondant
Distribution des résultats
% des personnes avec chaque résultat
Percentile par nombre de réponses
Votre historique - résultats
Vous n’avez pas pris ce quiz